[Event "24th Porto San Giorgio Open"]
[Site "Porto San Giorgio ITA"]
[Date "2013.08.28"]
[Round "8.3"]
[White "Romanishin,O"]
[Black "Stella,A"]
[Result "1-0"]
[WhiteElo "2494"]
[BlackElo "2447"]

1.Nf3 c5 2.e4 d6 3.Bb5+ Bd7 4.c4 e5 5.Nc3 Nc6 6.d3 Be7 7.O-O a6 8.Ba4 Nf6
9.Ne1 O-O 10.f4 exf4 11.Bxf4 Bg4 12.Qd2 Nd4 13.Bd1 Be6 14.Nf3 b5 15.Nxd4 cxd4
16.Nd5 bxc4 17.Nxe7+ Qxe7 18.Bg5 cxd3 19.Qxd3 h6 20.Bxf6 gxf6 21.Qxd4 Qa7
22.Qxa7 Rxa7 23.Rxf6 Rb8 24.Rf2 Rab7 25.b3 Kf8 26.Rd2 Ke7 27.Rc1 Rb6 28.Be2 Kf6
29.Rc7 Ra8 30.Bh5 Rf8 31.Rd4 Rb5 32.Be2 Rc5 33.Rxc5 dxc5 34.Ra4 Ke5 35.Kf2 Rd8
36.Ke3 Rd4 37.Bxa6 Rxa4 38.bxa4 Bxa2 39.a5 Kd6 40.Bb7 f6 41.a6 Kc7 42.Bd5 Bxd5
43.exd5 Kb6 44.d6  1-0

[Event "88th ch-ARG Superior 2013"]
[Site "Resistance/Saenz Pena ARG"]
[Date "2013.08.28"]
[Round "4.7"]
[White "Pierrot,Fac"]
[Black "Iermito,S"]
[Result "0-1"]
[WhiteElo "2419"]
[BlackElo "2473"]

1.e4 c5 2.Nf3 d6 3.Bb5+ Nd7 4.d4 cxd4 5.Qxd4 a6 6.Bxd7+ Bxd7 7.Nc3 e5 8.Qd3 h6
9.Nd2 Rc8 10.Nc4 Qc7 11.Ne3 Nf6 12.Bd2 Qc5 13.O-O-O Be7 14.f3 Be6 15.g4 b5
16.h4 b4 17.Ncd5 Nxd5 18.exd5 Bd7 19.Kb1 h5 20.Rc1 hxg4 21.fxg4 Qd4 22.Qxd4 exd4
23.Nf5 Bxf5 24.gxf5 Rc5 25.h5 Rxd5 26.Rcf1 a5 27.Kc1 Kd7 28.Kd1 Bf6 29.b3 d3
30.cxd3 Rxd3 31.Ke2 Rd5 32.Rh2 Re8+ 33.Kd1 Ree5 34.Rhf2 Re4 35.Rh2 Ree5 36.Rhf2 Re4
37.Rh2 Bg5 38.Rg2 Bxd2 39.Rxd2 Rxd2+ 40.Kxd2 Rh4 41.f6 gxf6 42.Rxf6 Ke7 43.Rf5 Rh2+
44.Ke3 Rxa2 45.Rb5 Rb2 46.Kf4 Rxb3 47.Rxa5 Rb1 48.Rb5 b3 49.h6 b2 50.h7 Rh1
51.Rxb2 Rxh7 52.Re2+ Kd7 53.Kg5 d5 54.Kf6 Kd6 55.Re8 Kc5 56.Rc8+ Kd4 57.Ra8 Ke4
58.Re8+ Kd3 59.Re7 Rh1 60.Rd7 d4 61.Ke5 Ke3  0-1

[Event "18th Konik Morski"]
[Site "Rewal POL"]
[Date "2013.08.28"]
[Round "8.25"]
[White "Siedlinski,P"]
[Black "Smal,Tobiasz"]
[Result "1/2-1/2"]
[WhiteElo "2092"]
[BlackElo "1928"]

1.e4 c5 2.Nf3 d6 3.Bb5+ Nc6 4.O-O Bd7 5.d4 cxd4 6.Nxd4 Nf6 7.Nc3 g6 8.Re1 Bg7
9.Nb3 O-O 10.Nd5 Nxd5 11.exd5 Ne5 12.Bxd7 Qxd7 13.c3 Rac8 14.Qe2  1/2-1/2

[Event "TCh-SRB 1st League 2013"]
[Site "Kragujevac SRB"]
[Date "2013.08.29"]
[Round "6.2"]
[White "Spasov,V"]
[Black "Marjanovic,Slavo"]
[Result "1/2-1/2"]
[WhiteElo "2573"]
[BlackElo "2464"]

1.e4 c5 2.Nf3 d6 3.Bb5+ Bd7 4.Bxd7+ Qxd7 5.c4 Nf6 6.Nc3 g6 7.d4 cxd4 8.Nxd4 Bg7
9.h3 Qc7 10.b3 Qa5 11.Bd2 Nxe4 12.Nxe4 Qe5 13.Qb1 f5 14.Bc3 Qxe4+ 15.Qxe4 fxe4
16.Nb5 Bxc3+ 17.Nxc3 Nd7 18.Nxe4 Rc8 19.Kd2 Nc5 20.Rhe1 Nxe4+ 21.Rxe4 Rf8
22.f3 Kd7 23.Rae1 Rf7 24.a4 Rc5 25.Kd3 Rg5 26.R1e2 h5 27.Ke3 Rgf5  1/2-1/2

[Event "15th Sants Open 2013"]
[Site "Barcelona ESP"]
[Date "2013.08.30"]
[Round "8.5"]
[White "Firat,B"]
[Black "Ortiz Suarez,I"]
[Result "1-0"]
[WhiteElo "2416"]
[BlackElo "2609"]

1.e4 c5 2.Nf3 d6 3.Bb5+ Nd7 4.O-O a6 5.Bd3 Ngf6 6.c3 e5 7.Bc2 Be7 8.d4 O-O
9.Re1 cxd4 10.cxd4 b5 11.Nbd2 Bb7 12.d5 Rc8 13.b4 Nb6 14.Nb3 Nc4 15.Nfd2 Ba8
16.Nxc4 Rxc4 17.Bd2 Nd7 18.Bd3 Rc8 19.a4 f5 20.f3 f4 21.axb5 axb5 22.Qe2 Bh4
23.Rec1 Qb6+ 24.Kh1 Nf6 25.Bxb5 Bb7 26.Na5 Rxc1+ 27.Rxc1 Bc8 28.Nc6 Nh5 29.Be1 Bxe1
30.Ne7+ Kh8 31.Nxc8 Qd4 32.Qxe1 Rf6 33.Bd7  1-0

[Event "XXX Collado Villalba Open 2013"]
[Site "Collado Villalba ESP"]
[Date "2013.08.30"]
[Round "8.27"]
[White "Perez Ortego,A"]
[Black "Linares Leyva,D"]
[Result "0-1"]
[WhiteElo "1564"]
[BlackElo "1852"]

1.e4 c5 2.Nf3 d6 3.Bb5+ Nd7 4.d4 a6 5.Bxd7+ Bxd7 6.dxc5 Qa5+ 7.c3 Qxc5 8.O-O Nf6
9.Nbd2 g6 10.h3 Bg7 11.Re1 O-O 12.e5 dxe5 13.Nxe5 Be6 14.Nef3 Rad8 15.Nd4 Bd5
16.Qc2 Rfe8 17.b4 Qc7 18.c4 Bxg2 19.Kxg2 Rxd4 20.Bb2 Qc6+ 21.Kg1 Rh4 22.Re3 Ng4
23.Rg3 Ne5 24.Qb3 Rd8 25.b5 Qc7 26.Nf3 Rd3 27.Bxe5 Rxb3 28.Bxc7 Rxf3 29.bxa6 bxa6
30.Rc1 Rxh3 31.Rxh3 Rxh3 32.c5 Rc3 33.Rxc3 Bxc3 34.c6 Kf8 35.Bb6 Ke8 36.Kg2 e6
37.Kf3 f5 38.Ke2 Be5 39.Kd3 h5 40.f3 h4 41.Kc4 h3 42.Bg1 Bc7 43.a4 h2 44.Bxh2 Bxh2
45.Kc5 Bc7 46.a5 g5  0-1

[Event "TCh-SRB 1st League 2013"]
[Site "Kragujevac SRB"]
[Date "2013.08.31"]
[Round "8.1"]
[White "Sarenac,I"]
[Black "Mladenovic,St"]
[Result "1-0"]
[WhiteElo "2385"]
[BlackElo "2288"]

1.e4 c5 2.Nf3 d6 3.Bb5+ Bd7 4.Bxd7+ Qxd7 5.O-O Nc6 6.Qe2 Nf6 7.Rd1 g6 8.c3 Bg7
9.d4 cxd4 10.cxd4 d5 11.e5 Ne4 12.Ne1 h6 13.f3 Ng5 14.Nc3 Ne6 15.Be3 O-O
16.f4 f5 17.Nf3 Kh7 18.h3 h5 19.Nh4 Bh6 20.Qf3 Rad8 21.Ne2 b5 22.Rac1 a5
23.Ng3 Qe8 24.Kh1 a4 25.Nxg6 Qxg6 26.Rxc6 Nxd4 27.Rxg6 Nxf3 28.Rxh6+ Kxh6
29.gxf3 Rc8 30.Rxd5 Rc2 31.Rxb5 h4 32.Nf1 Rd8 33.Rb6+ Kg7 34.Rb4 Rd1 35.Kg1 Re2
36.Bf2 a3 37.bxa3 Rxa2 38.Bxh4 Raa1 39.Bxe7 Rxf1+ 40.Kg2 Rg1+ 41.Kf2 Rgf1+
42.Kg2 Rg1+ 43.Kh2 Rgf1 44.Rb3 Ra2+ 45.Kg3 Rg1+ 46.Kh4 Rc2 47.Rb7 Kg8 48.Bf6 Rc6
49.Ra7 Rb6 50.a4 Rc6 51.a5 Rg2 52.Kh5 Rg3 53.h4 Kf8 54.a6 Rg2 55.Ra8+ Kf7
56.a7 Ra6 57.Rh8 Rga2 58.Kg5 Rxa7 59.Kxf5 R7a5 60.Rb8 Rf2 61.Rb7+ Ke8 62.Kg6 Ra6
63.f5 Rg2+ 64.Kh6 Rxf6+ 65.exf6 Kf8 66.Rb4 Kf7 67.Rg4 Rf2 68.Kg5 Rxf3 69.h5 Rh3
70.h6 Rh1 71.Rh4 Rg1+ 72.Kf4 Rf1+ 73.Kg3 Kg8 74.f7+ Kh7 75.Rf4 Ra1 76.f8=R Kxh6
77.Rf3  1-0

[Event "78th ch-ESP 2013"]
[Site "Linares ESP"]
[Date "2013.09.01"]
[Round "4.24"]
[White "Sanchez Camino,J"]
[Black "Almagro Llamas,P"]
[Result "0-1"]
[WhiteElo "1858"]
[BlackElo "2474"]

1.e4 c5 2.Nf3 d6 3.Bb5+ Nc6 4.O-O Qb6 5.Nc3 e6 6.a4 Bd7 7.a5 Qc7 8.d4 cxd4
9.Nxd4 a6 10.Bxc6 bxc6 11.Be3 c5 12.Nde2 Nf6 13.Ng3 Bc6 14.f3 Be7 15.Qd2 O-O
16.Rfd1 Rfd8 17.Qf2 Nd7 18.Nce2 Bf8 19.c3 Rab8 20.Rdb1 Ne5 21.b4 Nd3 22.Qf1 Bb5
23.Qd1 d5 24.exd5 Rxd5 25.c4 Bxc4 26.Qc2 cxb4 27.Nc1 Ne1 28.Qf2 Rd1  0-1

[Event "67th Moscow Blitz 2013"]
[Site "Moscow RUS"]
[Date "2013.09.01"]
[Round "2"]
[White "Karjakin,Sergey"]
[Black "Ulko,J"]
[Result "1-0"]
[WhiteElo "2772"]
[BlackElo "2443"]

1.e4 c5 2.Nf3 d6 3.Bb5+ Bd7 4.c4 Nc6 5.Nc3 g6 6.d4 cxd4 7.Nxd4 Bg7 8.Nxc6 Bxc6
9.O-O Nf6 10.f3 O-O 11.Be3 Nd7 12.Qd2 Ne5 13.b3 a6 14.Bxc6 bxc6 15.Rad1 c5
16.Nd5 Nc6 17.Kh1 a5 18.f4 e6 19.Nc3 Nd4 20.Nb5 e5 21.f5 a4 22.b4 a3 23.Rb1 Ra4
24.Nc3 Rxb4 25.Rxb4 cxb4 26.Nd5 f6 27.Qxb4 gxf5 28.exf5 Qd7 29.Qxa3 Nxf5
30.Rxf5 Rb8 31.Rf1 f5 32.g3 f4 33.Bg1 Qh3 34.Qf3 Rb2 35.gxf4  1-0

[Event "67th Moscow Blitz 2013"]
[Site "Moscow RUS"]
[Date "2013.09.01"]
[Round "13"]
[White "Glek,I"]
[Black "Karjakin,Sergey"]
[Result "0-1"]
[WhiteElo "2460"]
[BlackElo "2772"]

1.e4 c5 2.Nf3 d6 3.Bb5+ Nd7 4.O-O Nf6 5.Re1 a6 6.Bd3 Qc7 7.c3 c4 8.Bc2 b5
9.b3 e6 10.a4 Rb8 11.axb5 axb5 12.Na3 Be7 13.Qe2 cxb3 14.Bxb3 b4 15.Nb5 Qb6
16.Ba4 O-O 17.d3 Ba6 18.Be3 Qb7 19.c4 Nc5 20.Reb1 Nxa4 21.Rxa4 d5 22.exd5 exd5
23.Nfd4 Rfe8 24.Qa2 Bxb5 25.Nxb5 dxc4 26.dxc4 Qe4 27.Nd4 Ng4 28.Qe2 Qxb1+  0-1

[Event "88th ch-ARG Superior 2013"]
[Site "Resistance/Saenz Pena ARG"]
[Date "2013.09.01"]
[Round "7.1"]
[White "Lorenzini,M"]
[Black "Felgaer,R"]
[Result "1-0"]
[WhiteElo "2487"]
[BlackElo "2586"]

1.e4 c5 2.Nf3 d6 3.Bb5+ Nc6 4.c3 Nf6 5.Qe2 Bg4 6.h3 Bxf3 7.Qxf3 Qb6 8.Na3 g6
9.O-O Bg7 10.Ba4 O-O 11.d3 a6 12.Nc4 Qc7 13.Ne3 b5 14.Bb3 e6 15.Bd2 Ne5 16.Qe2 c4
17.dxc4 Nxe4 18.Rfd1 Rfb8 19.cxb5 axb5 20.Be1 d5 21.Nxd5 exd5 22.Bxd5 Nd6
23.Bxa8 Rxa8 24.Qd2 Nec4 25.Qd5 Re8 26.b3 Nb6 27.Qd3 Qc6 28.Rac1 Ne4 29.Qf3 Qc5
30.Rd3 Bf6 31.Rc2 Kg7 32.Qd1 Re6 33.Kf1 Qe5 34.Kg1 Qc5 35.Re2 Nxc3 36.Bxc3 Bxc3
37.Rxe6 fxe6 38.Qe2 e5 39.Qe4 Bd4 40.Qb7+ Kh6 41.Rf3 Nd5 42.Rf7 Kg5 43.Qd7 h5
44.Qd8+ Kh6 45.h4 Bxf2+ 46.Rxf2 Kg7 47.Qd7+ Ne7 48.g3 e4 49.Qe6 Nf5 50.Qxe4 b4
51.Qf3 Kh7 52.Kh2 Qe5 53.Rc2 Qd6 54.Qf4 Qd3 55.Rd2 Qb5 56.Qc7+ Kh6 57.Qd8 Qe5
58.Qf8+ Kh7 59.Rd7+ Ng7 60.Qf2 Qc3 61.Qd4 Qc2+ 62.Qd2 Qc5 63.Rb7  1-0

[Event "12th Kesarovski Mem"]
[Site "Sunny Beach BUL"]
[Date "2013.09.01"]
[Round "2.5"]
[White "Nikolov,Sas"]
[Black "Georgiev,Kr"]
[Result "0-1"]
[WhiteElo "2382"]
[BlackElo "2448"]

1.e4 c5 2.Nf3 d6 3.Bb5+ Bd7 4.Bxd7+ Qxd7 5.c4 e5 6.Nc3 g6 7.a3 Bg7 8.b4 Ne7
9.bxc5 dxc5 10.d3 Nec6 11.Nd5 O-O 12.O-O Nd8 13.Rb1 Ne6 14.Qb3 b6 15.a4 Nc6
16.Qb5 Rac8 17.a5 bxa5 18.Be3 Kh8 19.Qa4 f5 20.Kh1 f4 21.Bd2 g5 22.Bc3 g4
23.Nh4 Qf7 24.Nf5 f3 25.gxf3 gxf3 26.Rg1 Qh5 27.Nd6 Nf4 28.Nxc8 Nh3 29.Qc2 Nxg1
30.Rxg1 Rxc8 31.Rg3 Nd4 32.Bxd4 exd4 33.Qd1 Rf8 34.Qg1 Be5 35.Rg5 Qe8 36.Qd1 Qe6
37.Qb1 Qh6 38.Rxe5 Qg7  0-1

[Event "15th Trieste Open"]
[Site "Trieste ITA"]
[Date "2013.09.01"]
[Round "3"]
[White "Al Zayat,A"]
[Black "Suc,T"]
[Result "0-1"]
[WhiteElo "2109"]
[BlackElo "2130"]

1.e4 c5 2.Nf3 d6 3.Bb5+ Bd7 4.Bxd7+ Qxd7 5.O-O Nf6 6.Qe2 Nc6 7.c3 e6 8.d4 cxd4
9.cxd4 d5 10.e5 Ne4 11.Be3 Be7 12.Ne1 f6 13.Nd3 O-O 14.f3 Ng5 15.exf6 Bxf6
16.Nc5 Qe7 17.Bxg5 Nxd4 18.Qf2 Qxc5 19.Be3 Qc4 20.Nc3 Nf5 21.Nd1 Nxe3 22.Nxe3 Qd4
23.Rad1 Qxb2 24.Rd2 Qb6 25.Nc2 Qxf2+ 26.Kxf2 Rac8 27.Rb1 b6 28.Re2 Rfd8 29.Rd1 Rc4
30.g3 Kf7 31.f4 Rdc8 32.Rdd2 d4 33.Ne1 g5 34.Nd3 g4 35.h4 Rc3 36.Kg2 Ra3
37.Nf2 Rcc3 38.Ne4 Re3 39.Rxe3 Rxe3 40.Nd6+ Kf8 41.Kf2 Rf3+ 42.Kg2 Ra3 43.Ne4 Kf7
44.Rc2 Be7 45.Rd2 Kg6 46.Nf2 Kf5 47.Nd3 Bd6 48.Nc1 Rxg3+  0-1

[Event "TCh-SRB 1st League 2013"]
[Site "Kragujevac SRB"]
[Date "2013.09.02"]
[Round "10.1"]
[White "Spasov,V"]
[Black "Solak,D"]
[Result "1/2-1/2"]
[WhiteElo "2573"]
[BlackElo "2592"]

1.e4 c5 2.Nf3 d6 3.Bb5+ Nc6 4.Bxc6+ bxc6 5.O-O e5 6.c3 f5 7.exf5 Be7 8.d4 e4
9.Nfd2 Nf6 10.dxc5 d5 11.Nb3 Bxf5 12.Bf4 Bg4 13.Qd4  1/2-1/2

[Event "14th Karpov GM"]
[Site "Poikovsky RUS"]
[Date "2013.09.02"]
[Round "5.3"]
[White "Motylev,A"]
[Black "Sutovsky,E"]
[Result "1/2-1/2"]
[WhiteElo "2663"]
[BlackElo "2660"]

1.e4 c5 2.Nf3 d6 3.Bb5+ Bd7 4.c4 Nc6 5.d4 cxd4 6.Nxd4 g6 7.Nc3 Nf6 8.O-O Bg7
9.Bxc6 bxc6 10.c5 dxc5 11.Nb3 c4 12.Nc5 Bg4 13.Qa4 Nd7 14.Nxd7 Qxd7 15.Qxc4 Rb8
16.Na4 O-O  1/2-1/2

[Event "88th ch-ARG Superior 2013"]
[Site "Resistance/Saenz Pena ARG"]
[Date "2013.09.02"]
[Round "8.1"]
[White "Felgaer,R"]
[Black "Liascovich,L"]
[Result "1-0"]
[WhiteElo "2586"]
[BlackElo "2447"]

1.e4 c5 2.Nf3 d6 3.Bb5+ Bd7 4.Bxd7+ Qxd7 5.c4 Nf6 6.Nc3 Nc6 7.d4 cxd4 8.Nxd4 g6
9.f3 Bg7 10.Nde2 O-O 11.O-O e6 12.Bg5 h6 13.Bh4 Rfd8 14.Qd2 g5 15.Bf2 d5
16.exd5 exd5 17.c5 d4 18.Nb5 d3 19.Ng3 Ne5 20.Nd6 Nd5 21.Ngf5 Nf4 22.Nxg7 Kxg7
23.Kh1 Ne2 24.Bg3 Qe6 25.Rae1 b6 26.f4 Ng4 27.Qxd3 bxc5 28.Rxe2 Rxd6 29.Qf3  1-0

[Event "17th Cesenatico Open"]
[Site "Cesenatico ITA"]
[Date "2013.09.03"]
[Round "4.1"]
[White "Mrdja,M"]
[Black "Roeder,M"]
[Result "1/2-1/2"]
[WhiteElo "2377"]
[BlackElo "2412"]

1.e4 c5 2.Nf3 d6 3.Bb5+ Bd7 4.a4 Nc6 5.O-O Nf6 6.Re1 g6 7.h3 Bg7 8.c3 Ne5
9.d4 Nxf3+ 10.Qxf3 Bxb5 11.axb5 Nd7 12.e5  1/2-1/2

[Event "TCh-SRB 1st League 2013"]
[Site "Kragujevac SRB"]
[Date "2013.09.03"]
[Round "11.6"]
[White "Cabarkapa,N"]
[Black "Marinovic,B"]
[Result "1/2-1/2"]
[WhiteElo "2361"]
[BlackElo "2391"]

1.e4 c5 2.Nf3 d6 3.Bb5+ Nd7 4.c3 Nf6 5.Qe2 a6 6.Ba4 b5 7.Bc2 Bb7 8.d4 e6
9.O-O Be7 10.Nbd2 cxd4 11.Qd1  1/2-1/2

[Event "78th ch-ESP 2013"]
[Site "Linares ESP"]
[Date "2013.09.03"]
[Round "6.5"]
[White "Torres Ventosa,P"]
[Black "Arizmendi Martinez,J"]
[Result "0-1"]
[WhiteElo "2317"]
[BlackElo "2577"]

1.e4 c5 2.Nf3 d6 3.Bb5+ Bd7 4.Bxd7+ Qxd7 5.c4 Nf6 6.Nc3 g6 7.O-O Bg7 8.d4 cxd4
9.Nxd4 O-O 10.Rb1 Nc6 11.Nde2 Qe6 12.b3 Nxe4 13.Nd5 Qd7 14.Bb2 e6 15.f3 exd5
16.fxe4 dxe4 17.Qd5 Bxb2 18.Rxb2 Rfe8 19.Ng3 Re5 20.Nxe4 Rxd5 21.Nf6+ Kg7
22.Nxd7 Rd4 23.Nf6 Ne5 24.Re2 Rc8 25.Re3 a6 26.a4 h5 27.h3 Kf8 28.Ne4 Re8
29.c5 Nc6 30.Rfe1 dxc5 31.Nxc5 Rxe3 32.Rxe3 Rb4 33.Rd3 Ke8 34.Re3+ Kd8 35.Rd3+ Ke8
36.Re3+ Kd8 37.Rd3+ Kc8 38.Rc3 Kc7 39.Kf2 Kd6 40.Ke3 Ne7 41.Ne4+ Ke5 42.Nc5 Nd5+
43.Kd2 Nxc3 44.Nd3+ Kd4 45.Nxb4 Ne4+ 46.Kc2 Ke3 47.Nd5+ Kf2 48.Kd3 Nc5+ 49.Kc4 Ne6
50.g4 h4 51.b4 Kg3 52.b5 Kxh3 53.Ne3 Kg3 54.Kd5 Kf3 55.bxa6 bxa6 56.Nf1 Kf2
57.Nd2 h3 58.Ne4+ Kg2  0-1

[Event "6th Sabadell Open"]
[Site "Sabadell ESP"]
[Date "2013.09.03"]
[Round "2.7"]
[White "Lorenzo de la Riva,L"]
[Black "Tardio Fran,E"]
[Result "1-0"]
[WhiteElo "2427"]
[BlackElo "1853"]

1.e4 c5 2.Nf3 d6 3.Bb5+ Bd7 4.Bxd7+ Qxd7 5.O-O Nc6 6.c3 g6 7.d4 b6 8.d5 Na5
9.e5 Bg7 10.Bf4 Nc4 11.exd6 Nxd6 12.Na3 Kf8 13.Qe2 Bf6 14.Rfe1 Kg7 15.Rad1 Rd8
16.h3 Nh6 17.Ne5 Qf5 18.Qe3 g5 19.Bh2 Rhe8 20.g4 Qc8 21.Nc6 Nxg4 22.hxg4 Qxg4+
23.Kh1 Rd7 24.Ne5 Bxe5 25.Qxe5+ f6 26.Qe2 Qf5 27.Kg1 h5 28.Qe6 Qg4+ 29.Qxg4 hxg4
30.Bxd6 Rxd6 31.Nc4 Rd7 32.Ne3 Rh8 33.Nxg4 Rh4 34.f3 Kg6 35.Re6 Kf5 36.c4 Kf4
37.Kg2 Kf5 38.Rde1 Rh7 39.Kg3 Rg7 40.Rh1 Rd6 41.Rxd6 exd6 42.Re1 Kg6 43.Re6 Rf7
44.Rxd6 Kg7 45.Re6 f5 46.Ne5 f4+ 47.Kg4  1-0

[Event "17th Cesenatico Open"]
[Site "Cesenatico ITA"]
[Date "2013.09.04"]
[Round "5.7"]
[White "Albano,M"]
[Black "Bonassi,T"]
[Result "1-0"]
[WhiteElo "2288"]
[BlackElo "1949"]

1.e4 c5 2.Nf3 d6 3.Bb5+ Bd7 4.Bxd7+ Nxd7 5.O-O Ngf6 6.Re1 e6 7.c3 Be7 8.d4 cxd4
9.cxd4 O-O 10.Nc3 Qa5 11.Bd2 Qb6 12.Qe2 Rfd8 13.b3 Rac8 14.Rac1 a6 15.h3 Qa7
16.e5 Ne8 17.d5 Nf8 18.Be3 Qb8 19.Bg5 Rd7 20.dxe6 Nxe6 21.Bxe7 Rxe7 22.Nd5 Rd7
23.Rxc8 Qxc8 24.Nb6 Qd8 25.Nxd7 Qxd7 26.exd6 Qxd6 27.Qe5 Qd7 28.Nd4 N8c7
29.Nxe6 Nxe6 30.Qb8+ Nd8 31.Qc7  1-0

[Event "12th Izmir Open"]
[Site "Izmir TUR"]
[Date "2013.09.04"]
[Round "9.4"]
[White "Odeev,H"]
[Black "Rasulov,Vu"]
[Result "1-0"]
[WhiteElo "2406"]
[BlackElo "2488"]

1.e4 c5 2.Nf3 d6 3.Bb5+ Nd7 4.d4 cxd4 5.Qxd4 a6 6.Bxd7+ Bxd7 7.c4 b5 8.Nc3 e5
9.Qd3 bxc4 10.Qxc4 h6 11.Nd5 Qc8 12.Nc7+ Kd8 13.Qxf7 Kxc7 14.Be3 Ne7 15.Rc1+ Nc6
16.Rxc6+ Kxc6 17.O-O Kb7 18.Nxe5 Qe8 19.Qd5+ Bc6 20.Nxc6 Qxc6 21.Qb3+ Qb5
22.Qf7+ Kc8 23.a4 Qb8 24.a5 Qxb2 25.Qe8+ Kb7 26.Qd7+ Kb8 27.Bb6 Qc2 28.Bc7+  1-0

[Event "TCh-ROU w 2013"]
[Site "Mamaia ROU"]
[Date "2013.09.04"]
[Round "5.2"]
[White "Jicman,L"]
[Black "Sandu,Mi"]
[Result "1-0"]
[WhiteElo "2143"]
[BlackElo "2254"]

1.e4 c5 2.Nf3 d6 3.Bb5+ Bd7 4.Bxd7+ Qxd7 5.O-O Nf6 6.c3 Nc6 7.d3 g6 8.Qe2 Bg7
9.Rd1 O-O 10.Nbd2 b5 11.h3 Rfc8 12.Nf1 b4 13.Ng3 Rab8 14.Bd2 bxc3 15.Bxc3 e5
16.Qd2 Nd4 17.Bxd4 cxd4 18.Rdc1 Qb5 19.b3 d5 20.exd5 Nxd5 21.Ne4 Qd7 22.Rxc8+ Rxc8
23.Rc1 Nc3 24.Re1 Nxe4 25.Rxe4 f5 26.Re1 Qd5 27.Qg5 Re8 28.Rc1 Qf7 29.Rc4 Qd7
30.Qc1 e4 31.Rc7 Qd5 32.Rc5 Qd8 33.Qc4+ Kh8 34.dxe4 d3 35.Rd5 Qe7 36.exf5 d2
37.Rxd2 gxf5 38.Rd3 Qf6 39.a4 Rg8 40.g3 Re8 41.Qc7 a6 42.Rd6 Qa1+ 43.Kg2 h6
44.Qd7 Rb8 45.Qxf5 Rf8 46.Qd3 Qb2 47.Rxa6 Rb8 48.Rd6  1-0

[Event "6th Sabadell Open"]
[Site "Sabadell ESP"]
[Date "2013.09.04"]
[Round "3.3"]
[White "Munoz Pantoja,M"]
[Black "Gascon,Jose Rafael"]
[Result "1-0"]
[WhiteElo "2457"]
[BlackElo "2268"]

1.e4 c5 2.Nf3 d6 3.Bb5+ Nd7 4.d4 Nf6 5.e5 Qa5+ 6.Nc3 Ne4 7.Rb1 a6 8.Bxd7+ Bxd7
9.O-O Nxc3 10.bxc3 Qxc3 11.exd6 exd6 12.Re1+ Be7 13.Rb3 Qc4 14.Rbe3 O-O-O
15.Rxe7 Qxa2 16.dxc5 dxc5 17.Qd6 g5 18.Bxg5 Rhg8 19.Bf4 Rxg2+ 20.Kh1  1-0

[Event "TCh-ROU 2013"]
[Site "Mamaia ROU"]
[Date "2013.09.06"]
[Round "7.2"]
[White "Baratosi,D"]
[Black "Grigore,N"]
[Result "1-0"]
[WhiteElo "2402"]
[BlackElo "2379"]

1.e4 c5 2.Nf3 d6 3.Bb5+ Bd7 4.Bxd7+ Qxd7 5.O-O Nc6 6.Re1 Nf6 7.b3 e6 8.Bb2 Be7
9.c4 O-O 10.d4 cxd4 11.Nxd4 Rfd8 12.Nc3 Ne8 13.Nc2 Bf6 14.Ne3 a6 15.a4 Qc7
16.Rb1 Qa5 17.Qd3 Nc7 18.Ba1 Rab8 19.Red1 Be5 20.Nc2 Bf6 21.Qg3 Be5 22.f4 Bf6
23.b4 Qh5 24.b5 Na5 25.Ne3 g6 26.e5 dxe5 27.Ne4 Bh4 28.Qh3 exf4 29.Ng4 Ne8
30.Bf6 Bf2+ 31.Kxf2 Qxh3 32.gxh3 Rxd1 33.Rxd1 Nxc4 34.Nh6+ Kf8 35.Rd7  1-0

[Event "TCh-ROU w 2013"]
[Site "Mamaia ROU"]
[Date "2013.09.06"]
[Round "7.4"]
[White "Vasilescu,M"]
[Black "Visanescu,D"]
[Result "0-1"]
[WhiteElo "1880"]
[BlackElo "2076"]

1.e4 c5 2.Nf3 d6 3.Bb5+ Bd7 4.Bxd7+ Qxd7 5.c4 Nc6 6.d4 cxd4 7.Nxd4 Nf6 8.Nc3 g6
9.O-O Bg7 10.Nde2 O-O 11.f3 Rfd8 12.Bg5 Rab8 13.Rb1 a6 14.a4 e6 15.Qd2 Ne7
16.Rfd1 Qc7 17.b3 Rbc8 18.Kh1 Rd7 19.f4 Rcd8 20.Qe3 h6 21.Bh4 Kh7 22.Rd3 Qc5
23.Qxc5 dxc5 24.Rxd7 Rxd7 25.e5 Nfg8 26.Ne4 b6 27.a5 bxa5 28.Nxc5 Rd2 29.Nc3 Rd4
30.N3e4 Bf8 31.Bf2 Rd8 32.Nd6 Kg7 33.Ncb7 Ra8 34.Nxa5 Nc8 35.c5 Be7 36.Nc6 f6
37.exf6+ Bxf6 38.Ne8+ Kf7 39.Nxf6 Nxf6 40.b4 Nd5 41.Bd4 Nce7 42.Nxe7 Kxe7
43.Be5 Kd7 44.Rb3 Kc6 45.Bd6 h5 46.Kg1 Ra7 47.Rg3 Rg7 48.Rg5 Nxb4 49.Re5 Kd7
50.Re2 Rg8 51.Be5 Rc8 52.Rd2+ Nd5 53.Ra2 Ra8 54.Rb2 Kc6 55.Bd6 a5 56.Re2 Kd7
57.Rb2 a4 58.Rb7+ Kc6 59.Rg7 a3 60.Rxg6 a2 61.Be5 a1=Q+ 62.Bxa1 Rxa1+ 63.Kf2 Nxf4
64.Rf6 Nd3+ 65.Kg3 Re1 66.Rh6 Re5 67.Kh4 Kxc5 68.g3 Ne1 69.Rf6 Kd4 70.g4 hxg4
71.Kxg4 Ng2 72.Kg3 Rg5+ 73.Kh3  0-1

[Event "TCh-ROU 2013"]
[Site "Mamaia ROU"]
[Date "2013.09.06"]
[Round "7.2"]
[White "Valeanu,E"]
[Black "Baklan,V"]
[Result "0-1"]
[WhiteElo "2456"]
[BlackElo "2621"]

1.e4 c5 2.Nf3 d6 3.Bb5+ Nd7 4.d4 cxd4 5.Qxd4 a6 6.Bxd7+ Bxd7 7.Nc3 Rc8 8.Bg5 h6
9.Bh4 e5 10.Qd3 Qa5 11.O-O g5 12.Bg3 Nf6 13.Rfd1 Be7 14.Nd2 Be6 15.Nf1 h5
16.h3 h4 17.Bh2 g4 18.hxg4 Nxg4 19.Ne3 Nxe3 20.Qxe3 Rg8 21.Kh1 Qc5 22.Qxc5 Rxc5
23.f4 Rg4 24.f5 Bd7 25.Rd3 Bc6 26.Bg1 Rxc3 27.Rxc3 Bxe4 28.Re1 Bxg2+ 29.Kh2 Bc6
30.Rf1 Bg5 31.Kh3 Re4 32.Ba7 Ke7 33.Rf2 Re1 34.Rh2 Kf6 35.Rd3 d5 36.Bf2 Re4
37.Rg2 d4 38.Rg4 Rxg4 39.Kxg4 Be4 40.Rxd4 Bxf5+ 41.Kh5 exd4 42.Bxd4+ Ke6
43.Kxg5 h3 44.Bg1 Ke5 45.Bh2+ Ke4 46.Bb8 Be6 47.b3 Kf3 48.Kf6 Kg2 49.c4 h2
50.Bxh2 Kxh2 51.Ke7 Kg3 52.Kd6 Bh3  0-1

[Event "6th Sabadell Open"]
[Site "Sabadell ESP"]
[Date "2013.09.06"]
[Round "5.1"]
[White "Munoz Pantoja,M"]
[Black "Pulvett,D"]
[Result "1/2-1/2"]
[WhiteElo "2457"]
[BlackElo "2441"]

1.e4 c5 2.Nf3 d6 3.Bb5+ Nc6 4.d4 cxd4 5.Nxd4 Bd7 6.c4 g6 7.Be3 Bg7 8.Nc3 Nf6
9.f3 O-O 10.O-O Qb8 11.Rc1 a6 12.Ba4 b5 13.cxb5 Nxd4 14.Bxd4 axb5 15.Bb3 e6
16.Re1 b4 17.Nb1 Rd8 18.e5 dxe5 19.Bxe5 Qb6+ 20.Bd4 Qb7 21.Qc2 Bb5 22.Be3 Nd5
23.Bg5 Rd7 24.Kh1 h6 25.Bd2 Rad8 26.Rcd1 Qa6 27.Bxd5 Rxd5 28.Bxb4 Qxa2 29.Rxd5 Qxd5
30.Bc3 Bd3 31.Qc1 Rc8 32.Qe3 Bxb1 33.Rxb1 Qf5 34.Rc1 Bxc3  1/2-1/2

[Event "Satka Autumn 2013"]
[Site "Satka RUS"]
[Date "2013.09.06"]
[Round "4"]
[White "Bauyrzhan,Arnash"]
[Black "Shnayder,V"]
[Result "1/2-1/2"]
[WhiteElo "1904"]
[BlackElo "1977"]

1.e4 c5 2.Nf3 d6 3.Bb5+ Bd7 4.Bxd7+ Qxd7 5.c4 Nc6 6.d4 cxd4 7.Nxd4 Nf6 8.Nc3 e6
9.Be3 Be7 10.O-O O-O 11.Qe2 Rac8 12.b3 a6 13.Rac1 d5 14.exd5 exd5 15.cxd5 Nxd5
16.Nxd5 Qxd5 17.Rcd1 Bf6 18.Nxc6 Qxc6 19.Rc1 Qe6 20.Qf3 Rxc1 21.Rxc1 Rc8
22.Rxc8+ Qxc8 23.Qe4 g6 24.g3 Qd7 25.Kg2 Kg7 26.Qf3 g5 27.h3 h6 28.Qe4 Qe7
29.Qxe7 Bxe7 30.Kf3 f5 31.Bd4+ Kf7 32.Ke3 Ke6 33.g4 Bd6 34.Bg7 Bc5+ 35.Bd4 Bf8
36.Kd3 b5 37.Ke3 fxg4 38.hxg4 Kd5 39.Kd3 a5 40.f3 a4  1/2-1/2

[Event "15th Trieste Open"]
[Site "Trieste ITA"]
[Date "2013.09.06"]
[Round "8"]
[White "Plenca,Jadranko"]
[Black "Franca,Veronika"]
[Result "1-0"]
[WhiteElo "2138"]
[BlackElo "1927"]

1.e4 c5 2.Nf3 d6 3.Bb5+ Bd7 4.Bxd7+ Qxd7 5.c4 Nf6 6.Nc3 g6 7.d4 cxd4 8.Nxd4 Bg7
9.h3 Nc6 10.Be3 Rc8 11.b3 O-O 12.O-O Rfd8 13.Rc1 e6 14.Qf3 Qe7 15.Rfd1 Rd7
16.Nxc6 bxc6 17.Rc2 Ne8 18.Na4 Qf6 19.Qe2 Rcd8 20.Rcd2 Qe7 21.f3 Bf6 22.Rd3 Ng7
23.Qd2 Ne8 24.b4 Rb7 25.a3 Ra8 26.Bf4 e5 27.Be3 Rd7 28.c5 Rad8 29.Qf2 Ng7
30.Kh2 d5 31.exd5 Rxd5 32.Qc2 Nf5 33.Bf2 Qc7 34.Kh1 Nd4 35.Qc4 R5d7 36.Nc3 Ne6
37.Ne4 Bg7 38.Rd6 h6 39.a4 Kh8 40.b5 cxb5 41.axb5 Nd4 42.Rxd7 Rxd7 43.c6 Rd8
44.Nc5 Qe7 45.Na6 Nxc6 46.Rxd8+ Nxd8 47.Nc7 f5 48.Bxa7 e4 49.fxe4 fxe4 50.Be3 Qh4
51.b6 Qe1+ 52.Bg1 e3 53.Qd3 e2 54.Qxd8+ Kh7 55.Qe7 Qf1 56.Ne8  1-0

[Event "10th LGA Premium Cup GpA"]
[Site "Nuernberg GER"]
[Date "2013.09.07"]
[Round "4.3"]
[White "Prusikin,M"]
[Black "Ftacnik,L"]
[Result "1/2-1/2"]
[WhiteElo "2555"]
[BlackElo "2550"]

1.e4 c5 2.Nf3 d6 3.Bb5+ Bd7 4.Bxd7+ Qxd7 5.O-O Nc6 6.c3 Nf6 7.d4 cxd4 8.cxd4 d5
9.e5 Ne4 10.Be3 e6 11.Ne1 f6 12.f3 Ng5 13.Nc3 Be7 14.Qd2 O-O 15.exf6 gxf6
16.Nd3 Nf7 17.Rfe1 Rae8 18.Kh1 Bd6 19.Ne2 Nh8 20.Nef4 Ng6 21.Nh5 e5 22.Rf1 Nxd4
23.Bxd4 exd4 24.Rae1 Qf7 25.Nf2 Nh4 26.Qh6 Rxe1 27.Rxe1 Nf5 28.Ng4 Nxh6 29.Nxh6+ Kh8
30.Nxf7+ Rxf7 31.Re8+ Rf8 32.Rxf8+ Bxf8 33.Kg1 Be7 34.Kf2 Kg8 35.Ke2 Kf7
36.Kd3 Bd6 37.h4 f5 38.Kxd4 Kg6 39.g4 fxg4 40.fxg4 Be7 41.Nf4+ Kf7 42.g5 Bd6
43.Nxd5 Bg3 44.h5 Bh4 45.g6+ hxg6 46.hxg6+ Kxg6 47.Ke5 Bg3+ 48.Ke6 a5 49.a4 Kg5
50.Nb6 Kf4 51.Kd5 Bf2 52.Nc4 b6 53.b3 Kf3 54.Kc6 Ke4 55.Nxb6 Kd3 56.Nc4 Kc3
57.Nxa5 Kb4 58.Nb7 Kxb3 59.a5 Kb4 60.a6 Bg1 61.Nd6 Ka5 62.Kb7 Bf2 63.Ne4  1/2-1/2

[Event "TCh-ROU w 2013"]
[Site "Mamaia ROU"]
[Date "2013.09.08"]
[Round "9.4"]
[White "Nevednicii,Alexandra"]
[Black "Cosman,A"]
[Result "1/2-1/2"]
[WhiteElo "1682"]
[BlackElo "1944"]

1.e4 c5 2.Nf3 d6 3.Bb5+ Bd7 4.Bxd7+ Qxd7 5.O-O Nc6 6.c3 d5 7.exd5 Qxd5 8.d4 e6
9.Be3 cxd4 10.Nxd4 a6 11.Nd2 Nf6 12.Nxc6 Qxc6 13.Nf3  1/2-1/2